000 00625nam a2200229Ia 4500
003 OSt
005 20250818184151.0
008 210423s2004 xx 000 0 und d
020 _a019564770X
040 _cAL
041 _aEnglish
082 _a321
_b BARP
100 _aPranab Bardhan
_982621
245 _aPolitical economy of development in India
260 _aOXFORD
_bOxford University Press
_c2004
300 _aviii,153
_bPB
365 _b225
_cINR
650 _aPolitical Science
_982622
650 _aSystems of Governments
_982623
906 _adevelopment ; economy ; India ; Political
942 _2ddc
_cBK
999 _c156871
_d156871